Culture of the Indigenous Peoples - Dumagat Remontados at Barangay Puray, Rodriguez, Rizal/ (Record no. 77726)

MARC details
000 -LEADER
fixed length control field 01722nam a22002657a 4500
003 - CONTROL NUMBER IDENTIFIER
control field URS
005 - DATE AND TIME OF LATEST TRANSACTION
control field 20240416181803.0
008 - FIXED-LENGTH DATA ELEMENTS--GENERAL INFORMATION
fixed length control field 240131b |||||||| |||| 00| 0 eng d
050 00 - LIBRARY OF CONGRESS CALL NUMBER
Classification number LG 221.R59 B64466
Item number 2012
100 1# - MAIN ENTRY--PERSONAL NAME
Personal name Borbe, Cherry Rose P.
Relator term Researcher
245 10 - TITLE STATEMENT
Title Culture of the Indigenous Peoples - Dumagat Remontados at Barangay Puray, Rodriguez, Rizal/
Statement of responsibility, etc. Borbe, Cherry Rose P. , Cruz, Jennifer V. , Vertudez, Alona C.
260 #1 - PUBLICATION, DISTRIBUTION, ETC.
Date of publication, distribution, etc. 2011
300 ## - PHYSICAL DESCRIPTION
Extent xiv, 143 leaves
Other physical details illustration
Dimensions 28 cm
336 ## - CONTENT TYPE
Source rda content
Content type term text
337 ## - MEDIA TYPE
Source rda media
Media type term unmediated
338 ## - CARRIER TYPE
Source rda carrier
Carrier type term volume
502 ## - DISSERTATION NOTE
Dissertation note UGTHESIS
Degree type Bachelor of Science in Community Development
Name of granting institution University of Rizal System, Rodriguez, Rizal
520 ## - SUMMARY, ETC.
Summary, etc. This study aimed to acquaint and clarify the Culture of the Indigenous People Dumagat/Remontados at Barangay Puray Rodriguez Rizal. Specifically, this study sought to identify the profile of the members in terms of Origin of the Study, Composition of the Locale, and culture in terms of knowledge, tribal Norms, Folkvays, Belief, and Language. As a student of man and his culture the researchers presented and developed their subject by using Ethnographic Approach focusing merely on cultural by use of investigating cultures through collecting and describing data that is intended to help in the development of a theory. This method is also called "ethnomethodology" or "methodology of the people"
650 ## - SUBJECT ADDED ENTRY--TOPICAL TERM
Source of heading or term Indigenous people
700 ## - ADDED ENTRY--PERSONAL NAME
Personal name Cruz, Jennifer V.
Relator term Researcher
700 ## - ADDED ENTRY--PERSONAL NAME
Personal name Vertudez, Alona C.
Relator term Researcher
700 ## - ADDED ENTRY--PERSONAL NAME
Personal name Sumigcay, Mia S.
Relator term Adviser
856 ## - ELECTRONIC LOCATION AND ACCESS
Materials specified Online Request for Student Unpublished Works
Uniform Resource Identifier <a href="https://forms.gle/7LqvGGkaDrUQqz429">https://forms.gle/7LqvGGkaDrUQqz429</a>
942 ## - ADDED ENTRY ELEMENTS (KOHA)
Source of classification or shelving scheme Library of Congress Classification
Koha item type Theses and dissertations

No items available.

University of Rizal System
Email us at univlibservices@urs.edu.ph

Visit our Website www.urs.edu.ph/library